NATO Countries - Sudden Death - Statistics

General Stats
  • This quiz has been taken 118 times
  • The average score is 15 of 32
Answers on the Grid
Answers color-coded by a green-red scale on the quiz's grid according to % correct below.
Albania
Armenia
Belarus
Belgium
Bosnia and Herzegovina
Bulgaria
Canada
Croatia
Cyprus
Czech Republic
Denmark
Estonia
Finland
France
Georgia
Germany
Greece
Hungary
Iceland
Ireland
Italy
Japan
Latvia
Lithuania
Luxembourg
Malta
Moldova
Montenegro
Morocco
Netherlands
North Macedonia
Norway
Poland
Portugal
Romania
Serbia
Slovakia
Slovenia
South Korea
Spain
Sweden
Switzerland
Turkey
Ukraine
United Kingdom
United States of America
 
Answer Stats
Answer % Correct
Belgium
67%
United States of America
63%
Albania
61%
Canada
61%
United Kingdom
61%
France
58%
Germany
53%
Greece
53%
Denmark
51%
Italy
51%
Poland
51%
Czech Republic
47%
Finland
47%
Netherlands
47%
Portugal
47%
Estonia
46%
Sweden
46%
Croatia
44%
Iceland
44%
Spain
44%
Hungary
42%
Luxembourg
42%
Norway
42%
Bulgaria
40%
Romania
40%
Slovakia
39%
Turkey
39%
Latvia
37%
Lithuania
37%
Slovenia
35%
North Macedonia
32%
Montenegro
25%
No matching quizzes found
Score Distribution
Percent of People with Each Score
Percentile by Number Answered
Your Score History
You have not taken this quiz